ALL Taylor Swift Songs Discography - Statistics

General Stats
  • This quiz has been taken 8,549 times
    2,195 since last reset
  • The average score is 102 of 195
Answer Stats
Taylor Swift Discography % Correct
Lover
81%
Red
81%
Fearless
79%
Love Story
79%
ME!
79%
Ours
78%
Tim McGraw
77%
All Too Well
75%
Our Song
75%
Speak Now
75%
Blank Space
74%
cardigan
74%
You Belong With Me
74%
Shake It Off
73%
Style
73%
the 1
73%
22
72%
Look What You Made Me Do
72%
Picture To Burn
71%
Teardrops on My Guitar
71%
august
70%
Bad Blood
70%
Enchanted
69%
Cruel Summer
68%
Dear John
68%
evermore
68%
Mine
68%
Welcome To New York
68%
betty
67%
...Ready For It?
67%
willow
67%
Delicate
66%
Fifteen
66%
Mean
66%
Wildest Dreams
66%
Back To December
65%
Getaway Car
65%
Invisible
65%
We Are Never Ever Getting Back Together
65%
End Game
64%
I Knew You Were Trouble
64%
Out of The Woods
64%
Sparks Fly
64%
The Man
64%
champagne problems
63%
Don't Blame Me
63%
exile
63%
The Archer
63%
Clean
62%
Dress
62%
Gorgeous
62%
Paper Rings
62%
White Horse
62%
You Need To Calm Down
62%
New Year's Day
61%
the last great American dynasty
61%
Better Than Revenge
60%
Haunted
60%
mirrorball
60%
Cornelia Street
59%
Daylight
59%
Miss Americana & The Heartbreak Prince
59%
New Romantics
59%
seven
59%
the lakes
59%
hoax
58%
I Did Something Bad
58%
invisible string
58%
Mary's Song (Oh My My My)
58%
my tears ricochet
58%
State of Grace
58%
This Love
58%
illicit affairs
57%
King of My Heart
57%
London Boy
57%
Long Live
57%
marjorie
57%
Mr. Perfectly Fine
57%
no body, no crime
57%
Should've Said No
57%
The Way I Loved You
57%
This Is Why We Can't Have Nice Things
57%
Afterglow
56%
Dancing With Our Hands Tied
56%
I Forgot That You Existed
56%
Last Kiss
56%
Stay Stay Stay
56%
Wonderland
56%
All You Had To Do Was Stay
55%
Death By A Thousand Cuts
55%
Hey Stephen
55%
How You Get The Girl
55%
ivy
55%
peace
55%
The Story of Us
55%
this is me trying
55%
Call It What You Want
54%
Cold As You
54%
dorothea
54%
Everything Has Changed
54%
gold rush
54%
I Know Places
54%
So It Goes...
54%
epiphany
53%
Forever And Always
53%
Innocent
53%
Soon You'll Get Better
53%
tolerate it
53%
coney island
52%
cowboy like me
52%
False God
52%
I Think He Knows
52%
It's Nice To Have A Friend
52%
right where you left me
52%
Treacherous
52%
mad woman
51%
Never Grow Up
51%
Ronan
51%
'tis the damn season
51%
I Wish You Would
50%
Superman
50%
You Are In Love
50%
A Place In This World
48%
Begin Again
48%
Breathe
48%
Holy Ground
48%
I Bet You Think About Me
48%
The Best Day
48%
Tied Together With A Smile
48%
Babe
47%
happiness
47%
Message In A Bottle
47%
Nothing New
47%
Run
47%
Starlight
47%
The Last Time
47%
The Outside
47%
Change
46%
Sad Beautiful Tragic
46%
The Other Side Of The Door
46%
closure
45%
Come Back...Be Here
45%
Jump Then Fall
45%
long story short
45%
Stay Beautiful
45%
You're Not Sorry
45%
I Almost Do
44%
I'm Only Me When I'm With You
44%
The Lucky One
44%
Better Man
43%
Forever Winter
43%
it's time to go
43%
The Very First Night
43%
A Perfectly Good Heart
42%
Bye Bye Baby
42%
Girl At Home
42%
If This Was A Movie
42%
Tell Me Why
42%
The Moment I Knew
42%
Today Was A Fairytale
42%
Superstar
41%
That's When
40%
Untouchable
40%
Come In With The Rain
39%
Don't You
38%
Safe & Sound
38%
You All Over Me
38%
Christmas Tree Farm
35%
I Don't Wanna Live Forever
34%
We Were Happy
34%
Carolina
31%
Eyes Open
30%
Last Christmas
30%
Crazier
29%
Only The Young
29%
Renegade
28%
Santa Baby
28%
White Christmas
28%
Beautiful Eyes
25%
Silent Night
25%
The Joker And The Queen
25%
I Heart?
24%
Christmases When You Were Mine
23%
Sweeter Than Fiction
23%
Christmas Must Be Something More
22%
Beautiful Ghosts
21%
Gasoline
21%
Highway Don't Care
21%
Both of Us
19%
Birch
17%
Macavity
17%
Two Is Better Than One
17%
Half of My Heart
14%
I'd Lie
14%
September
6%
No matching quizzes found
Score Distribution
Percent of People with Each Score
Percentile by Number Answered
Your Score History
You have not taken this quiz since the last reset